MARC details
| 000 -LEADER |
| fixed length control field |
02920cam a22004814a 4500 |
| 001 - CONTROL NUMBER |
| control field |
muse68284 |
| 003 - CONTROL NUMBER IDENTIFIER |
| control field |
MdBmJHUP |
| 005 - DATE AND TIME OF LATEST TRANSACTION |
| control field |
20210127151215.0 |
| 006 - FIXED-LENGTH DATA ELEMENTS--ADDITIONAL MATERIAL CHARACTERISTICS |
| fixed length control field |
m o d |
| 007 - PHYSICAL DESCRIPTION FIXED FIELD--GENERAL INFORMATION |
| fixed length control field |
cr||||||||nn|n |
| 008 - FIXED-LENGTH DATA ELEMENTS--GENERAL INFORMATION |
| fixed length control field |
181005s2018 miu o 00 0 eng d |
| 020 ## - INTERNATIONAL STANDARD BOOK NUMBER |
| International Standard Book Number |
9780814345030 |
| 020 ## - INTERNATIONAL STANDARD BOOK NUMBER |
| Canceled/invalid ISBN |
9780814345047 |
| 035 ## - SYSTEM CONTROL NUMBER |
| System control number |
(OCoLC)1056689244 |
| 040 ## - CATALOGING SOURCE |
| Original cataloging agency |
MdBmJHUP |
| Transcribing agency |
MdBmJHUP |
| 043 ## - GEOGRAPHIC AREA CODE |
| Geographic area code |
n-us--- |
| 050 #4 - LIBRARY OF CONGRESS CALL NUMBER |
| Classification number |
PS3523.E96 |
| Item number |
Z76 2018eb vol. 2 |
| 082 0# - DEWEY DECIMAL CLASSIFICATION NUMBER |
| Classification number |
813/.52 |
| Edition number |
23 |
| 100 1# - MAIN ENTRY--PERSONAL NAME |
| Personal name |
Melnick, Ralph, |
| Relator term |
author. |
| 245 10 - TITLE STATEMENT |
| Title |
Life and Work of Ludwig Lewisohn, Volume II |
| Remainder of title |
"This Dark and Desperate Age" / |
| Number of part/section of a work |
Volume II / |
| Statement of responsibility, etc. |
Ralph Melnick. |
| Number of part/section of a work |
Volume II / |
| 300 ## - PHYSICAL DESCRIPTION |
| Extent |
1 online resource (1 online resource unpaged :) : |
| Other physical details |
illustrations |
| 500 ## - GENERAL NOTE |
| General note |
Issued as part of book collections on Project MUSE. |
| 500 ## - GENERAL NOTE |
| General note |
Originally published: Detroit : Wayne State University Press, [1998]. |
| 504 ## - BIBLIOGRAPHY, ETC. NOTE |
| Bibliography, etc. note |
Includes bibliographical references and indexes. |
| 506 0# - RESTRICTIONS ON ACCESS NOTE |
| Terms governing access |
Open Access |
| Standardized terminology for access restriction |
Unrestricted online access |
| Source of term |
star |
| 520 ## - SUMMARY, ETC. |
| Summary, etc. |
An imposing literary figure in America and Europe during the first half of the twentieth century, Ludwig Lewisohn (1882-1955) struggled with feelings of alienation in Christian America that were gradually resolved by his developing Jewish identity, a process reflected in hundreds of works of fiction, literary analysis, and social criticism. This second volume portrays Lewisohn's last decades as an outspoken opponent of Nazi Germany, a leading promoter of Jewish resettlement in Palestine, a member of Brandeis University's first faculty, and one of the earliest voices advocating Jewish renewal in America. Despite his activism, Lewisohn was no longer welcome in Zionist circles by 1948 as a result of his "unacceptable" opinions concerning British intransigence, organizational politics, and, particularly, Jewish cultural and religious decline. However, the invitation to join the newly established Brandeis University as its only full professor provided him with the opportunity he sought to contribute to the reshaping of American Jewry. Lewisohn's efforts would later bear fruit in the Jewish renewal movement of the next generation. |
| 588 ## - SOURCE OF DESCRIPTION NOTE |
| Source of description note |
Description based on print version record. |
| 600 11 - SUBJECT ADDED ENTRY--PERSONAL NAME |
| Personal name |
Lewisohn, Ludwig, |
| Dates associated with a name |
1882-1955. |
| 650 #0 - SUBJECT ADDED ENTRY--TOPICAL TERM |
| Topical term or geographic name entry element |
Authors, American |
| Chronological subdivision |
20th century |
| Form subdivision |
Biography. |
| 655 #0 - INDEX TERM--GENRE/FORM |
| Genre/form data or focus term |
Electronic books. |
| Source of term |
local |
| 655 #0 - INDEX TERM--GENRE/FORM |
| Genre/form data or focus term |
Electronic books. |
| 655 #7 - INDEX TERM--GENRE/FORM |
| Genre/form data or focus term |
Electronic books. |
| Source of term |
local |
| 710 2# - ADDED ENTRY--CORPORATE NAME |
| Corporate name or jurisdiction name as entry element |
Project Muse. |
| Relator term |
distributor |
| 710 2# - ADDED ENTRY--CORPORATE NAME |
| Corporate name or jurisdiction name as entry element |
Project Muse, |
| Relator term |
distributor. |
| 776 18 - ADDITIONAL PHYSICAL FORM ENTRY |
| Relationship information |
Print version: |
| International Standard Book Number |
9780814345047 |
| 710 2# - ADDED ENTRY--CORPORATE NAME |
| Corporate name or jurisdiction name as entry element |
Project Muse. |
| Relator term |
distributor |
| 830 #0 - SERIES ADDED ENTRY--UNIFORM TITLE |
| Uniform title |
Book collections on Project MUSE. |
| 830 #0 - SERIES ADDED ENTRY--UNIFORM TITLE |
| Uniform title |
Book collections on Project MUSE. |
| 856 40 - ELECTRONIC LOCATION AND ACCESS |
| Public note |
Full text available: |
| Uniform Resource Identifier |
<a href="https://muse.jhu.edu/book/61499/">https://muse.jhu.edu/book/61499/</a> |